| 000 | 01962nam a2200349 a 4500 | ||
|---|---|---|---|
| 001 | BRCA_3176 | ||
| 005 | 20190320204140.0 | ||
| 008 | 130209s1859----ne-a---###---#000-0#dut-u | ||
| 041 | _adut | ||
| 044 | _ane | ||
| 084 |
_a476 _b.K78 _c1859 |
||
| 100 | 1 |
_aCervantes Saavedra, Miguel de _d1547-1616 _9213 |
|
| 245 | 1 | 0 |
_aDe Vernuftige Jonkheer Don Quichote van de Mancha _cdoor Michael Cervantes de Saavedra. |
| 260 |
_aHaarlem (Holanda) _bA.C. Kruseman _c1859 |
||
| 300 |
_a2 v. _bil. _c19 cm. |
||
| 500 | _aContenido : v 1. Primera parte. Retrato de Cervantes. Dedicatoria del autor. Prólogo del autor. Texto. -- v 2. Segunda parte. Dedicatoria del autor. Prólogo del autor. Texto | ||
| 500 | _aEdición : Mit het spaansch vertaald door C.L. Schuller tot Peursum | ||
| 500 | _aTraducción de C.L. Schuller tot Peursum, con las dedicatorias y prólogos de Cervantes, pero sin los versos que van en los preliminares de la primera parte, traducidos ya al holandés por L.V. Bosch. Va adornada con varias láminas, cada una de las cuales tiene 5 grabaditos que son otros tantos dibujos de Tony Johannot y un retrato de Cervantes, copia del qu donó el conde del Águila a la Academia Española. La parte tipográfica es buena. Tela; lomos y planos decorados con dorados Lúdovik Osterc | ||
| 500 | _aEstado físico : La edición presenta la encuadernación desprendida | ||
| 500 | _aQM570 | ||
| 546 | _aTexto en : francés | ||
| 650 | 1 | 4 |
_aNovela española _yÉpoca clásica, 1500-1700 _9215 |
| 650 | 1 | 4 |
_aLiteratura española _yÉpoca clásica, 1500-1700 _9216 |
| 650 | 1 | 4 |
_aNovela española _ySiglo XVII _9217 |
| 650 | 1 | 4 |
_aDon Quijote (Personaje ficticio) _eNovela _9218 |
| 700 | 1 |
_aSchuller tot Peursum, C.L. _d1813-1860 _eTraductor _98546 |
|
| 700 | 1 |
_aBosch, Lambert Van den _eTraductor _98547 |
|
| 700 | 1 |
_aJohannot, Tony _d1803-1852 _eIlustrador _98548 |
|
| 740 | 0 | _aEl Ingenioso Hidalgo Don Quijote de la Mancha | |
| 902 | _aQFM | ||
| 942 |
_2lcc _cB |
||
| 999 |
_c2912 _d2912 |
||